Financiamiento externo de los países de América Latina /

সংরক্ষণ করুন:
গ্রন্থ-পঞ্জীর বিবরন
সংস্থা লেখক: Banco Interamericano de Desarrollo
বিন্যাস: গ্রন্থ
ভাষা:স্প্যানিশ
প্রকাশিত: Washington, EUA : Banco Interamericano de Desarrollo, 1976
বিষয়গুলি:
ট্যাগগুলো: ট্যাগ যুক্ত করুন
কোনো ট্যাগ নেই, প্রথমজন হিসাবে ট্যাগ করুন!

MARC

LEADER 00000nam^a2200000^a^4500
001 000012607
005 20260624000000.0
009 20260625154845.043
037 |a Acervo ITESO - Biblioteca 
041 |a ESP 
082 |a 336.  |b BAN 
110 |a Banco Interamericano de Desarrollo 
245 1 0 |a Financiamiento externo de los países de América Latina /  |c BID. 
264 1 |a Washington, EUA :  |b Banco Interamericano de Desarrollo,  |c 1976 
300 |a 160 p. 
336 |a texto  |b txt  |2 rdacontenido 
337 |a sin mediación  |b n  |2 rdamedio 
338 |a volumen  |b nc  |2 rdasoporte 
649 |a XX 
650 |a Finanzas Públicas 
650 |a Países Subdesarrollados 
650 |a Economía -  |z Latinoamérica 
910 |a Fondo General 
920 |a Impresos - Libros 
930 |a Colección General 
905 |a 101 
901 |a 0500051048  |b IT1  |c ACC  |i 012607  |u 20260624 
902 |a https://opac.biblio.iteso.mx/vufind/Record/000012607